Understanding the science of climate change. Talking points--impacts to the Eastern Woodlands and Forests /

Bibliographic Details
Main Authors: Schramm, Amanda (Author), Loehman, Rachel A. (Author)
Format: Government Document eBook
Language:English
Published: Fort Collins, Colorado : U.S. Department of the Interior, National Park Service, Natural Resource Program Center, 2011.
Series:Natural resources report ; 2011/470.
Subjects:
Online Access:https://purl.fdlp.gov/GPO/gpo131906

MARC

Tag First Indicator Second Indicator Subfields
LEADER 00000cam a2200000 i 4500
001 in00004091349
005 20211120104210.0
006 m o d f
007 cr |||||||||||
008 200206s2011 couab ob f000 0 eng c
035 |a (OCoLC)on1139529854 
042 |a pcc 
043 |a n------ 
040 |a GPO  |b eng  |e rda  |e pn  |c GPO  |d MvI 
049 |a WWW 
074 |a 0646-R (online) 
086 0 |a I 29.89:2011/470 
088 |a NPS 909/111736 
100 1 |a Schramm, Amanda,  |e author. 
245 1 0 |a Understanding the science of climate change.  |p Talking points--impacts to the Eastern Woodlands and Forests /  |c Amanda Schramm, Rachel Loehman. 
246 1 7 |a Climate change talking points NPS/FWS--2011 
246 3 0 |a Talking points, impacts to the Eastern Woodlands and Forests 
264 1 |a Fort Collins, Colorado :  |b U.S. Department of the Interior, National Park Service, Natural Resource Program Center,  |c 2011. 
300 |a 1 online resource (approximately 40 pages) :  |b color illustrations, color maps. 
336 |a text  |b txt  |2 rdacontent 
337 |a computer  |b c  |2 rdamedia 
338 |a online resource  |b cr  |2 rdacarrier 
490 1 |a Natural resource report ;  |v NPS/NRSS/CCRP/NRR--2011/470 
500 |a "NPS 909/111736, November 2011"--Page ii. 
500 |a "Experience your America"--Page 4 of cover. 
504 |a Includes bibliographical references (pages 28-33). 
588 |a Description based on online resource; title from PDF title page (NPS website, viewed February 6, 2020). 
650 0 |a Forests and forestry  |z Atlantic Coast (North America) 
650 0 |a Climatic changes  |z Atlantic Coast (North America) 
650 0 |a Coastal ecology  |z Atlantic Coast (North America) 
650 0 |a Climate change mitigation  |z Atlantic Coast (North America) 
651 0 |a Atlantic Coast (North America) 
700 1 |a Loehman, Rachel A.,  |e author. 
710 2 |a Natural Resource Program Center (U.S.),  |e issuing body. 
830 0 |a Natural resources report ;  |v 2011/470. 
856 4 0 |u https://purl.fdlp.gov/GPO/gpo131906  |t 0 
999 f f |s 3e06eca8-a0e2-31fc-bd12-8c0aea26d969  |i 358bacd8-0001-3f3b-ae1b-68773973f43c  |t 0 
952 f f |a Texas A&M University  |b College Station  |c Electronic Resources  |d Available Online  |t 0  |e I 29.89:2011/470  |h Superintendent of Documents classification 
998 f f |a I 29.89:2011/470  |t 0  |l Available Online